000 01506nam a2200277Ia 4500
999 _c46148
_d46148
001 12980
003 GE_BSU
005 20240827152508.0
008 181216s2002||||ge |||||||||||||| ||geo||
020 _a9992848928
040 _cGE_BSU
041 _ageo
080 _a94(479.223)+811.353.1’1373.6 გ-60
100 _aგოგიტიძე, სიმონ
_9101
245 _aაჭარის ტერიტორიაზე მოსახლე ტომის ვინაობის საკითხისათვის /
_c[რედ. : ამირან კახიძე] ; საქ. მეცნ. აკად., ბათუმის სამეცნ.-კვლევ. ინ-ტი.
264 _aბათუმი :
_bბათუმის უნ-ტი,
_c2002.
300 _a141 გვ. :
_bრუკები ;
_c20 სმ.
500 _aანოტაცია რუს. და ინგლ. ენებზე
504 _aბიბლიოგრ. ტექსტის შენიშვნ.
520 _aრეზ. ინგლ. ენ.
653 _aაჭარის ტერიტორიაზე მოსახლე ტომის ვინაობის საკითხისათვის
653 _aაჭარის ისტორია
653 _aქართული ენის ეტიმოლოგია
700 _aკახიძე, ამირან
_eრედაქტორი
_923134
942 _cBK
_2udc